00322nam a2200121Ia 4500008004000000020001800040082001700058100001900075245003000094260004700124300001200171650001700183210210b2004 xxu||||| |||| 00| 0 eng d a81 239 1169 6 a574.192 LALT aLAL (Harbans). aTextbook of biochemistry. aN DbCBS Publishers and Distributorsc2004 axii,497 aBiochemistry